El Plan Colombia: proyecto del imperialismo y respuesta popular /
Guardat en:
| Autor principal: | |
|---|---|
| Format: | Text |
| Matèries: | |
| Etiquetes: |
Afegir etiqueta
Sense etiquetes, Sigues el primer a etiquetar aquest registre!
|
MARC
| LEADER | 00000 a a2200000 04500 | ||
|---|---|---|---|
| 001 | 4096 | ||
| 003 | |||
| 040 | |||
| 100 | |a Girardi, Giulio | ||
| 245 | |a El Plan Colombia: |b proyecto del imperialismo y respuesta popular / |c Giulio Girardi | ||
| 650 | |a MILITARISMO | ||
| 650 | |a AYUDA MILITAR | ||
| 650 | |a IMPERIALISMO | ||
| 773 | |g número 176 -177; páginas 1-20 | ||
| 999 | |c 31020 |d 31020 | ||
